000 00311nam a22001337a 4500
008 170822b xxu||||| |||| 00| 0 eng d
020 _a9780534211264
041 _aeng
080 _a51
100 _a37
101 _aMAT
245 _aA BEGING GUIDE TO SCIENTIFIC METHODS
_cCAREY.S.S
942 _2udc
_cBK
999 _c24429
_d24429